000 00466nam a2200169Ia 4500
003 GCL
008 140319s9999 xx 000 0 ara d
040 _aGCL /
_cGCL
082 0 4 _aد
_b050
100 1 _aحليم الكدوانى
245 1 0 _aالاسنان :امراضها و علاجها (اقرا 224 ) /
_cحليم الكدوانى
300 _a128
490 _aاقرأ
_v0
650 0 4 _aطب الاسنان
650 0 4 _aالاسنان
942 _2ddc
_cBK
999 _c48642
_d48642